Score 0/10 Timer 01:00
0 Plays Today
% Correct
Cat Stevens
62.8%
Plastic Ono Band
58.4%
George Harrison
55.2%
Elvis Costello & The Attractions
50.1%
Paul McCartney
41.8%
Boston
36%
Megadeth
36%
The Doors
33.5%
U2
25.9%
Eagles
22.8%

Today's Daily Dose

Word Ladder
I Have a Dream

Get the Picture
January Holidays

Remove Ads.
Support Sporcle.
Get the best of Sporcle when you Go Orange. This ad-free experience offers more features, more stats, and more fun while also helping to support Sporcle. Thank you for becoming a member.

You're not logged in!

Compare scores with friends on all Sporcle quizzes.
OR
Log In

Show Comments

Extras

Top Quizzes Today


Score Distribution

Your Account Isn't Verified!

In order to create a playlist on Sporcle, you need to verify the email address you used during registration. Go to your Sporcle Settings to finish the process.

Report this User

Report this user for behavior that violates our Community Guidelines.

Details: